| 000 | 01759nam1a22003131 4500 | ||
|---|---|---|---|
| 001 | rc\4594875 | ||
| 005 | 20130416193009.9 | ||
| 035 | _a(NLR Aleph) 008663676 | ||
| 090 |
_a9077113 _c9077113 |
||
| 100 | _a20130416d1960 |||y0rusy50 ca | ||
| 101 | 0 | _arus | |
| 102 | _aRU | ||
| 105 | _a z ||||| | ||
| 200 | 1 |
_aРуководство к лабораторным работам по курсу "Авиационные электрические машины" _fПод ред. проф. А.И. Бертинова _gМ-во высш. и сред. спец. образования РСФСР. Моск. ордена Ленина авиац. ин-т им. Серго Орджоникидзе. Кафедра авиац. электр. машин. Ч. 1- |
|
| 210 |
_a[Москва] _cБ. и. _d1960 |
||
| 215 | _d22 | ||
| 300 | _aПеред загл. авт.: С.Р. Мизюрин, М.С. Радько, М.Б. Хлебникова | ||
| 606 |
_aЭлектрические машины, специальные _jПрактические работы учащихся _2psbo |
||
| 606 |
_aАвиационное электрооборудование _jПрактические работы учащихся _2psbo |
||
| 700 | 1 |
_aМизюрин _bС. Р. _gСтанислав Романович |
|
| 701 | 1 |
_aХлебникова _bМ. Б. _gМаргарита Борисовна |
|
| 701 | 1 |
_aРадько _bМ. С. _gМарина Сергеевна |
|
| 702 | 1 |
_aБертинов _bА. И. _4340 |
|
| 712 | 0 | 2 | _aМосковский авиац. ин-т им. Серго Орджоникидзе. Кафедра авиац. электр. машин |
| 801 | 0 |
_aRU _bNLR _gpsbo |
|
| 801 | 1 |
_aRU _bELAR _2rusmarc |
|
| 852 |
_aNLR _j60-5/3259 |
||
| 942 | _cBOOK | ||
| 980 | _aNB | ||